000 00917cam a2200253 4500
008 090401t1994 xxu||||| |||| 00| 0 eng d
020 _a0117529249
035 _a(Sirsi) u72620
041 _aeng
050 _a614.78
110 _aUnited Kingdom
_bDepartment of the Environment
_9982
245 _aPlanning policy guidance: planning and noise.
260 _aLondon
_bHMSO
_c1994
300 _a(22)p.
_c30cm.
350 _a6.9
490 _aPPG
_v24
520 _aGives guidance to planning authorities on the use of their planning powers to minimise the adverse impact of noise. View at www.planning.odpm.gov.uk.
650 _aNOISE EXPOSURE CATEGORIES
650 _aNOISE POLLUTION
650 _aPPG24
690 _aPLANNING LAW AND PRACTICE
856 _uhttps://www.communities.gov.uk/documents/planningandbuilding/pdf/156558.pdf
_vView the item free of charge at www.communities.gov.uk
942 _n0
999 _c95514
_d95514